| 000 | 00625nam a2200205 a 4500 | ||
|---|---|---|---|
| 001 | 000039557 | ||
| 003 | DO-SdBNP | ||
| 005 | 20230124132550.0 | ||
| 007 | ta | ||
| 008 | 130708s1992 dr ac 000 0 spa d | ||
| 040 |
_aDO-SdBNP _bspa _cBNPHU |
||
| 082 |
_axxx _bG643 _222 |
||
| 100 | 1 |
_aGonzález Buelta, Benjamín _96606 |
|
| 245 | 1 | 0 |
_aMás allá de las utopias : _bsignos y parábolas para contemplar la historia / _cBenjamín González Buelta. |
| 260 |
_aSanto Domingo : _bEdiciones MSC, _c1992. |
||
| 300 |
_a179 P. : _bils., retrs. ; _c23 cm. |
||
| 590 | _aInventariado, 2023 / DG | ||
| 910 | _aDG | ||
| 942 |
_2ddc _cLBS1 |
||
| 999 |
_c39047 _d39047 |
||